000 00431cam a22001337a 4500
008 180718b1974 xxu||||| |||| 00| 0 eng d
082 _aBI F955
245 _aSociology and social development in Asia, Proceedings of the symposium
_cedited by Tadashi Fukutake and kiyomi Morioka
260 _aTokyo
_bUniv. of Tokyo Press
_c1974
300 _a445p.
650 _aSociology
700 _aMorioka, Kiyomi
700 _aFukutake, Tadashi
999 _c344576
_d344576